000 00211 a2200097 4500
001 3350
100 _aPringle, P
245 _aGreat discoverers in modern science
260 _a
_bHarrap
_c
090 _c2628
_d2628
942 _aNUST-CAE
_cM
_c18091
999 _c238423
_d238423